000 00959cam a22002411i 4500
003 SA-RiAUC
005 20241014074001.0
008 241013s2000 le g 00000cara c
040 _aSA-RiAUC
_bara
_cSA-RiAUC
_erda
082 0 4 _a920
_qSA-RiAUC
090 _a‏920
_bي و س
100 1 _aيوسف، محمد خير رمضان،
_d1956-
_eمؤلف.
245 1 2 _aالمكثرون من التصنيف في القديم والحديث (من صنف مائة كتاب-فألفا-فأكثر) /
_cمحمد خير رمضان يوسف.
250 _aالطبعة الأولى.
264 1 _aبيروت :
_bدار ابن حزم للطباعة والنشر والتوزيع،
_c2000
300 _a175 صفحة ؛
_c24 سم
336 _aنص
_btxt
_2rdacontent
_3كتاب
337 _aبدون وسيط
_bn
_2rdamedia
338 _aمجلد
_bnc
_2rdacarrier
650 7 _aتراجم
_2aucsh
942 _2ddc
_cBOOK
_n0
949 _aSA-JeALM
_d241013
_umohamedma123
_n1
999 _c1291
_d1291